Ley de concursos y quiebras (apunte) /

Guardado en:
Autor Principal: Pliner Susana
Formato: Libro
Publicado: Bah¡a Blanca : Cems, 1996
Etiquetas: Agregar Etiqueta
Sin Etiquetas, Sea el primero en etiquetar este registro!
LEADER 00465nam a22001575a 4500
001 CEM.cems009294
005 20060214000000.0
008 130507s1996##################000#0#####d
003 CEMS
082 0 4 |a F347 
100 1 |a Pliner Susana 
245 1 0 |a Ley de concursos y quiebras (apunte) / 
260 |a Bah¡a Blanca :  |b Cems,  |c 1996 
300 |a 4 p.1 
859 |a CEMS  |b BIB. CEMS - 11 de abril  |h F347  |i 2  |p 1478.44  |t Ej.1 
859 |a CEMS  |b BIB. CEMS - 11 de abril  |h F347  |i 2  |p 1479.44  |t Ej.2